<?xml version="1.0" encoding="UTF-8"?>
<collection xmlns="http://www.loc.gov/MARC21/slim">
 <record>
  <leader>04023nam a2200337 a 4500</leader>
  <controlfield tag="001">kal2037</controlfield>
  <controlfield tag="003">Gr-AtHEAL</controlfield>
  <controlfield tag="005">20160427131546.0</controlfield>
  <controlfield tag="006">m        d        </controlfield>
  <controlfield tag="008">160413s2015    gr      s           gre|c</controlfield>
  <datafield tag="020" ind1=" " ind2=" ">
   <subfield code="a">9789606031748</subfield>
  </datafield>
  <datafield tag="040" ind1=" " ind2=" ">
   <subfield code="a">GR-AtHEAL</subfield>
   <subfield code="b">gre</subfield>
   <subfield code="c">GR-AtHEAL</subfield>
  </datafield>
  <datafield tag="082" ind1="0" ind2="4">
   <subfield code="a">621.3</subfield>
   <subfield code="2">23</subfield>
  </datafield>
  <datafield tag="100" ind1="1" ind2=" ">
   <subfield code="a">Τόμπρας, Γεώργιος.</subfield>
   <subfield code="8">2073</subfield>
  </datafield>
  <datafield tag="245" ind1="1" ind2="0">
   <subfield code="a">Εισαγωγικά θέματα ηλεκτρονικής</subfield>
   <subfield code="h">[Ηλεκτρονικός πόρος] </subfield>
   <subfield code="b">Γενικές αρχές ηλεκτρικών και ηλεκτρονικών κυκλωμάτων - Τελεστικοί ενισχυτές τάσης</subfield>
   <subfield code="c">Τόμπρας, Γεώργιος ; Κριτικός αναγνώστης,Ψυχαλινός, Κωνσταντίνος ; Γραφιστική επιμέλεια,Μποζιονέλος, Γαβριήλ ; Τεχνική επιμέλεια,Μποζιονέλος, Γαβριήλ.</subfield>
  </datafield>
  <datafield tag="260" ind1=" " ind2=" ">
   <subfield code="a">Αθήνα :</subfield>
   <subfield code="b">Σύνδεσμος Ελληνικών Ακαδημαϊκών Βιβλιοθηκών,</subfield>
   <subfield code="c">c2015.</subfield>
  </datafield>
  <datafield tag="490" ind1=" " ind2=" ">
   <subfield code="a">Ακαδημαϊκά Ηλεκτρονικά Συγγράμματα και Βοηθήματα Κάλλιπος</subfield>
   <subfield code="8">40</subfield>
  </datafield>
  <datafield tag="520" ind1=" " ind2=" ">
   <subfield code="a">Το περιεχόμενο του προτεινόμενου βιβλίου αποτελεί θεματολογικά το α' μέρος μιας γενικευμένης εισαγωγής στην Σύγχρονη Ηλεκτρονική δίνοντας έμφαση στα γενικά χαρακτηριστικά ανάλυσης των βασικών μορφών λειτουργίας ηλεκτρικών και ηλεκτρονικών κυκλωμάτων, τόσο στο πεδίο του χρόνου, όσο και στο πεδίο των συχνοτήτων. Υπό το πρίσμα αυτό, στην αρχή παρουσιάζονται βασικές έννοιες Ηλεκτρισμού, στοιχεία ανάλυσης και επεξεργασίας σημάτων, καθώς και στοιχεία από τη θεωρία κυκλωμάτων και συστημάτων, αναδεικνύοντας παράλληλα τη φυσική σημασία του ελέγχου της ροής του ηλεκτρικού ρεύματος σ' αυτά τη δυνατότητα χρήσης ισοδύναμων προτύπων της αντίστοιχων μορφών λειτουργίας. Στη συνέχεια, εισάγονται οι τελεστικοί ενισχυτές τάσης ως αυτοτελή δομικά στοιχεία τέτοιων κυκλωμάτων και αναλύεται η μορφή και η λειτουργία απλών γραμμικών και μη γραμμικών κυκλωμάτων με χρήση τελεστικών ενισχυτών.</subfield>
  </datafield>
  <datafield tag="650" ind1=" " ind2="0">
   <subfield code="a">Electronics</subfield>
   <subfield code="8">2689</subfield>
  </datafield>
  <datafield tag="650" ind1=" " ind2="0">
   <subfield code="a">Electronic circuits</subfield>
   <subfield code="8">2690</subfield>
  </datafield>
  <datafield tag="653" ind1=" " ind2=" ">
   <subfield code="a">Τελεστικοί ενισχυτές</subfield>
  </datafield>
  <datafield tag="653" ind1=" " ind2=" ">
   <subfield code="a">Ηλεκτρονικά κυκλώματα</subfield>
  </datafield>
  <datafield tag="653" ind1=" " ind2=" ">
   <subfield code="a">Ηλεκτρονική</subfield>
  </datafield>
  <datafield tag="653" ind1=" " ind2=" ">
   <subfield code="a">Τεχνολογία και επιστήμες μηχανικών</subfield>
   <subfield code="a">Ηλεκτρονική τεχνολογία και μηχανική</subfield>
   <subfield code="a">Ηλεκτρονικά κυκλώματα - Ενισχυτές, φίλτρα</subfield>
  </datafield>
  <datafield tag="653" ind1=" " ind2=" ">
   <subfield code="a">Φυσική</subfield>
   <subfield code="a">Ηλεκτρονική φυσική και σχετικές επιστημονικές περιοχές</subfield>
   <subfield code="a">Στοιχεία κυκλωμάτων και ηλεκτρονικά κυκλώματα</subfield>
  </datafield>
  <datafield tag="700" ind1="1" ind2=" ">
   <subfield code="a">Ψυχαλινός, Κωνσταντίνος</subfield>
   <subfield code="e">Κριτικός αναγνώστης</subfield>
   <subfield code="8">2074</subfield>
  </datafield>
  <datafield tag="856" ind1="4" ind2="0">
   <subfield code="u">http://hdl.handle.net/11419/2037</subfield>
   <subfield code="z">Πλήρες Κείμενο - Full text</subfield>
  </datafield>
  <datafield tag="907" ind1=" " ind2=" ">
   <subfield code="a">.b25678437</subfield>
   <subfield code="b">12-06-18</subfield>
   <subfield code="c">29-07-16</subfield>
  </datafield>
  <datafield tag="949" ind1=" " ind2=" ">
   <subfield code="0">0</subfield>
   <subfield code="1">0</subfield>
   <subfield code="2">ddc</subfield>
   <subfield code="4">0</subfield>
   <subfield code="6">621_300000000000000_ΤΟΜ</subfield>
   <subfield code="7">0</subfield>
   <subfield code="8">KALL</subfield>
   <subfield code="8">602</subfield>
   <subfield code="d">2016-04-13</subfield>
   <subfield code="r">2016-04-13</subfield>
   <subfield code="w">2016-04-13</subfield>
   <subfield code="z">621.3 ΤΟΜ</subfield>
   <subfield code="o">SEAB KALLIPOS</subfield>
  </datafield>
  <datafield tag="998" ind1=" " ind2=" ">
   <subfield code="a">80</subfield>
   <subfield code="a">01</subfield>
   <subfield code="a">02</subfield>
   <subfield code="a">03</subfield>
   <subfield code="a">04</subfield>
   <subfield code="a">05</subfield>
   <subfield code="a">06</subfield>
   <subfield code="a">07</subfield>
   <subfield code="a">08</subfield>
   <subfield code="a">09</subfield>
   <subfield code="a">10</subfield>
   <subfield code="a">11</subfield>
   <subfield code="a">12</subfield>
   <subfield code="a">13</subfield>
   <subfield code="a">14</subfield>
   <subfield code="a">15</subfield>
   <subfield code="a">16</subfield>
   <subfield code="a">17</subfield>
   <subfield code="a">18</subfield>
   <subfield code="a">19</subfield>
   <subfield code="a">20</subfield>
   <subfield code="a">21</subfield>
   <subfield code="a">22</subfield>
   <subfield code="a">23</subfield>
   <subfield code="a">24</subfield>
   <subfield code="a">25</subfield>
   <subfield code="a">26</subfield>
   <subfield code="b">10-05-17</subfield>
   <subfield code="c">m</subfield>
   <subfield code="d">z  </subfield>
   <subfield code="e">-</subfield>
   <subfield code="f">gre</subfield>
   <subfield code="g">gr </subfield>
   <subfield code="h">0</subfield>
  </datafield>
  <datafield tag="942" ind1=" " ind2=" ">
   <subfield code="2">ddc</subfield>
   <subfield code="c">KALLIPOS</subfield>
  </datafield>
 </record>
</collection>
